| 000 | 00877nam a2200277Ia 4500 | ||
|---|---|---|---|
| 003 | OSt | ||
| 005 | 20221007123117.0 | ||
| 006 | a|||||r|||| 00| 0 | ||
| 007 | ta | ||
| 008 | 221006b |||||||| |||| 00| 0 eng d | ||
| 020 | _a9783319543154 (pbk) | ||
| 024 | _a200547 | ||
| 037 |
_b3823, 13/02/2019, The Book Seller _cTextual |
||
| 040 |
_aPAPL _cPAPL _beng |
||
| 041 |
_2eng _aeng |
||
| 082 | _aCN30, Q7 Carpa | ||
| 100 |
_aGrana Mariana _9716516 |
||
| 245 | 0 |
_aString theory compactifications _b Triendl Hagen |
|
| 260 |
_aSwitzerland _bSpringer _c2017 |
||
| 300 |
_avi, 74p. ill. _ccm. |
||
| 490 | _aSpringer briefs in physics | ||
| 500 | _aReferences 73-74p. | ||
| 700 |
_a Triendl Hagen _9716517 |
||
| 942 |
_hCN30, Q7 Carpa _cTEXL _2CC |
||
| 999 |
_c1211395 _d1211395 |
||